00408nam a2200133Ia 4500008004100000082001400041100002200055245004400077260002000121600001200141942000700153952009700160999001700257241002s9999 xx 000 0 und d a928.1 LOW aLowenthal, Marrin 4aThe Autobiography Of Michel de Momaigne aNew York:c1953 aHistory cUC 00104070aUITUbUITUd1994-01-01l0o928.1 LOWpUC157r2024-10-02 09:31:10w2024-10-02yUC c18484d18484